000 00431nam a2200157Ia 4500
008 230917s9999||||xx |||||||||||||| ||und||
040 _e24256
_aMAIN
041 _aEnglish
082 _a294.538 P192H
100 _aPondeya, Rajabali
245 0 _aHindu sanskara: The social and religious study of the Hindu sacraments
250 _a2nd ed.
260 _aVaransi
_bChowkhamba vidyabhawan
_c1966
300 _a393 p.
942 _cBK
999 _c75075
_d75075